Statistiques concernant Freeze Corleone - Desiigner (paroles complètes)

Cliquez ici pour prendre le quiz!

Statistiques générales

  • Ce quiz a été pris 293 fois
  • Le résultat moyen est 178 sur 321

Statistiques - réponses

Réponse% Correct
de
96%
des
96%
comme
95%
Desiigner
94%
négro
92%
disparu
90%
t'es
89%
à
88%
a
88%
S/o
88%
T'as
88%
t'as
88%
pop
87%
mais
86%
au
83%
j'suis
83%
en
80%
le
80%
me
80%
la
79%
quand
77%
si
77%
j'cop
76%
Même
76%
Galeries
75%
aux
74%
j'dors
74%
les
74%
USD
74%
virements
74%
j'fais
73%
USB
73%
d'l'argent
72%
Dans
71%
dans
71%
Jack
69%
DistroKid
68%
j'reçois
68%
Osirus
68%
documents
67%
frappe
66%
du
65%
plus
65%
que
65%
Que
65%
X
65%
designers
61%
ils
61%
Ils
61%
j'ai
61%
blindé
60%
mon
60%
un
60%
argent
59%
Contra
58%
sans
58%
une
58%
Seedorf
57%
ça
55%
j'arrive
54%
J'arrive
54%
bâtons
53%
coucher
53%
M26
53%
Pétasse
53%
pétasse
53%
réveil
53%
roues
53%
stress
53%
veulent
53%
aucun
52%
coffré
52%
mettre
52%
prod
52%
Yeuz
52%
cyborg
51%
faut
51%
J'fume
51%
j'fume
51%
PDF
51%
interdit
50%
j'pense
50%
portes
50%
six
50%
contrat
49%
rouges
49%
techniques
48%
2K26
47%
Ford
47%
Nissan
47%
qu'le
47%
boucher
46%
Fuck
46%
fuck
46%
on
45%
RAF
45%
sept
45%
Escape
44%
mitraille
44%
ton
44%
américain
43%
chaque
43%
japonais
43%
Katons
43%
States
43%
Templiers
43%
est
42%
golf
42%
j'envoie
42%
Maroc
42%
N26
42%
sangliers
42%
sas
42%
100K
41%
Freeze
41%
porcs
41%
c'est
40%
cible
40%
cross
40%
dynamite
40%
flammes
40%
fond
40%
H-24
40%
l'complot
40%
station
40%
zéros
40%
couplet
39%
Crache
39%
crâne
39%
faire
39%
sac
39%
sont
39%
cendriers
38%
Corleone
38%
guerre
38%
pendant
38%
qu'un
38%
Saddam
38%
deux
37%
l'agenda
37%
double
36%
jeune
36%
j'rate
36%
Juke
36%
MC
36%
Queens
36%
qu'ils
36%
train
36%
trois
36%
Audio
35%
cadre
35%
décisions
35%
d'essence
35%
entrecôtes
35%
Golfe
35%
Hussein
35%
j'consomme
35%
prennent
35%
Skywalker
35%
sommes
35%
contre
34%
d'ici
34%
dynamique
34%
fois
34%
j'empile
34%
J'gagne
34%
j'sécurise
34%
Kaki
34%
rare
34%
réserve
34%
Santana
34%
très
34%
allemand
33%
Découpe
33%
entrepôts
33%
eux
33%
luxe
33%
of
33%
Scooter
33%
Seul
33%
concurrence
32%
d'élite
32%
Fame
32%
tireur
32%
triple
32%
avec
31%
dope
31%
Hall
31%
j'constate
31%
personnelle
31%
sous
31%
Bientôt
30%
investit
30%
l'avancement
30%
Drogue
29%
Mondial
29%
Nouvel
29%
pour
29%
Walker
29%
Kyle
28%
Ordre
28%
par
28%
forte
27%
Infamous
27%
au-d'ssus
26%
envoie
26%
Fous
26%
J'reste
26%
plug
26%
colis
25%
droite
25%
infinie
25%
sortir
25%
Twins
25%
date
24%
qu'j'dépressurise
24%
vacuum
24%
v-là
24%
l'démon
23%
Portée
23%
attentats
22%
J'graille
21%
Soupape
21%
seal
20%
bats
18%
d'midi-chloriens
16%

Distribution des résultats

Percentile par nombre de réponses

% des personnes avec chaque résultat

Votre développement - résultats

Vous n’avez pas pris ce quiz